Central Library OPAC University of Rajshahi

Quantum mechanics / (Record no. 52450)

MARC details
000 -LEADER
fixed length control field 00871nam a2200277 a 4500
001 - CONTROL NUMBER
control field 52450
003 - CONTROL NUMBER IDENTIFIER
rucl marc code BD-RjUL
005 - DATE AND TIME OF LATEST TRANSACTION
control field 20211209075816.0
008 - FIXED-LENGTH DATA ELEMENTS--GENERAL INFORMATION
fixed length control field 140120s1975 ii a b 001 0 eng
020 ## - INTERNATIONAL STANDARD BOOK NUMBER
International Standard Book Number 1402021291 (PB)
035 ## - SYSTEM CONTROL NUMBER
System control number (BD-RUCL)52570
040 ## - CATALOGING SOURCE
Original cataloging agency DLC
Transcribing agency BD-RUCL
Modifying agency BD-RUCL
Language of cataloging eng
041 ## - LANGUAGE CODE
Language code of text/sound track or separate title eng
082 00 - DEWEY DECIMAL CLASSIFICATION NUMBER
Classification number 530.12
Edition number 23
Author mark and year GHQ 1981
100 1# - MAIN ENTRY--PERSONAL NAME
Personal name Ghatak, A. K.
9 (RLIN) 27836
245 10 - TITLE STATEMENT
Title Quantum mechanics /
Statement of responsibility, etc. by Ajoy Ghatak and S. Lokanathan.
260 ## - PUBLICATION, DISTRIBUTION, ETC. (IMPRINT)
Place of publication, distribution, etc. Boston :
Name of publisher, distributor, etc. Kluwer Academic Publishers,
Date of publication, distribution, etc. c1975 [reprinted 1981]
300 ## - PHYSICAL DESCRIPTION
Pagination xii, 561 p. :
Illustrations ill. ;
Size 23cm.
500 ## - GENERAL NOTE
General note Include index
650 #0 - SUBJECT ADDED ENTRY--TOPICAL TERM
Topical term or geographic name as entry element Quantum theory.
9 (RLIN) 28655
700 1# - ADDED ENTRY--PERSONAL NAME
Personal name Lokanathan, S.
830 #0 - SERIES ADDED ENTRY--UNIFORM TITLE
Uniform title Fundamental theories of physics ;
942 ## - ADDED ENTRY ELEMENTS (KOHA)
Source of classification or shelving scheme Dewey Decimal Classification
Koha item type Books
949 #0 - LOCAL PROCESSING INFORMATION (OCLC)
4 IP
a s
b SCI
c STACK
o 0
p 39080026594827
x 01
h QC174.12.G485 2004
Holdings
Lost status Source of classification or shelving scheme Damaged status Not for loan Collection code Permanent Location Current Location Shelving location Date acquired Source of acquisition Cost, normal purchase price Total Checkouts Full call number Date last seen Copy number Koha item type
  Dewey Decimal Classification     Non-fiction Central Library, University of Rajshahi Central Library, University of Rajshahi   28/08/2001 Rajshahi nshoma lit. 210.75   530.12 GHQ 1981 20/09/2016 C-2 Books
  Dewey Decimal Classification     Non-fiction Central Library, University of Rajshahi Central Library, University of Rajshahi   22/06/1976 Aligor Library Rajshahi 41.25   530.12 GHQ 1975 21/09/2016 C-3 Books
  Dewey Decimal Classification     Non-fiction Central Library, University of Rajshahi Central Library, University of Rajshahi   22/06/1976 Aligor Library Rajshahi 41.25   530.12 GHQ 1975 21/09/2016 C-4 Books
  Dewey Decimal Classification     Non-fiction Central Library, University of Rajshahi Central Library, University of Rajshahi   22/06/1976 Aligor Library Rajshahi 41.25   530.12 GHQ 1975 21/09/2016 C-5 Books
  Dewey Decimal Classification     Non-fiction Central Library, University of Rajshahi Central Library, University of Rajshahi   22/06/1976 Aligor Library Rajshahi 41.25   530.12 GHQ 1975 21/09/2016 C-6 Books
  Dewey Decimal Classification     Non-fiction Central Library, University of Rajshahi Central Library, University of Rajshahi   22/06/1976 Aligor Library Rajshahi 41.25   530.12 GHQ 1975 21/09/2016 C-7 Books
  Dewey Decimal Classification     Non-fiction Central Library, University of Rajshahi Central Library, University of Rajshahi   22/06/1976 Aligor Library Rajshahi 41.25   530.12 GHQ 1975 21/09/2016 C-8 Books
  Dewey Decimal Classification     Non-fiction Central Library, University of Rajshahi Central Library, University of Rajshahi   20/11/2019       530.12 GHQ 1975 20/11/2019 C-9 Books